| 000 | 01166cam a22003377a 4500 | ||
|---|---|---|---|
| 003 | CHAP | ||
| 005 | 20220329134219.0 | ||
| 008 | 971013s1963 us r 00010 eng d | ||
| 010 | _a17053 | ||
| 011 | _a18025 | ||
| 035 | _a22109 | ||
| 040 | _cCHAP | ||
| 082 | 0 | 4 |
_a581.11 _bJ45 |
| 100 | 0 | 0 |
_aJennings, David Harry. _961340 |
| 245 | 1 | 4 | _aThe absorption of solutes by plant cells |
| 260 |
_aEdinburh : _bOliver and Boyd, _c1963 |
||
| 300 | _a204 p. | ||
| 590 |
_aBATCH-UPD _b10 _c20130110 _lUCH01 _h1049 |
||
| 590 |
_aBATCH-UPD _b10 _c20130409 _lUCH01 _h1826 |
||
| 590 |
_aBATCH-UPD _b10 _c20130410 _lUCH01 _h0646 |
||
| 590 |
_aBATCH-UPD _b10 _c20130913 _lUCH01 _h1843 |
||
| 590 |
_aCONVERSION _b10 _c20130109 _lUCH01 _h1311 |
||
| 650 | 1 | 4 |
_aAbsorción (Fisiología) _9333 |
| 650 | 1 | 4 |
_aCitología e histología vegetales. _923495 |
| 650 | 1 | 4 |
_aPlantas _xMovimiento de líquidos en las. _988862 |
| 901 | _aBK | ||
| 942 | _cLIBRO | ||
| 949 |
_a581.11 J45 _bBC _cLIBRO _d33724000424958 _eLIBRO _fc.3 _h17141 _i22109 _si |
||
| 949 |
_a581.11 J45 _bBC _cLIBRO _d33724000424966 _eLIBRO _h26744 _i22109 _si |
||
| 949 |
_a581.11 J45 _bBC _cLIBRO _d33724000424974 _eLIBRO _fc.2 _h26745 _i22109 _si |
||
| 999 |
_c17053 _d17053 |
||